Modernizácia zážihového spaľovacieho motora s pohonom na plynné alternatívne palivá

Saved in:
Bibliographic Details
Main Author: Luknár, Lukáš (Author)
Other Authors: Chríbik, Andrej (Thesis advisor)
Format: Manuscript Book
Language:Slovak
Published: 2023
Subjects:
Online Access:http://is.stuba.sk/zp/portal_zp.pl?podrobnosti=171861
Tags: Add Tag
No Tags, Be the first to tag this record!

MARC

LEADER 00000ntm a22000003a 4500
001 stuzp94278
003 SK-STU
005 20240424093855.6
007 ta
008 150427s2015----xo-----f-mn---000-0-slo-d
040 |a STU  |b slo 
041 0 |a slo 
100 1 |a Luknár, Lukáš  |u 020030  |k Z3  |4 aut  |U SjF Strojnícka fakulta  |T SjF Ústav dopravnej techniky a konštruovania  |X 98699  |U J0030  |Y 806  |7 98699 
242 0 1 |a Modernization of the spark-ignition combustion engine powered by gaseous alternative fuels  |y eng 
245 1 0 |a Modernizácia zážihového spaľovacieho motora s pohonom na plynné alternatívne palivá 
260 |c 2023 
650 4 |a syntézne plyny  |2 slo 
650 4 |a alternatívne palivá  |2 slo 
650 4 |a modernizácia motora  |2 slo 
650 4 |a odpad  |2 slo 
650 4 |a energia  |2 slo 
650 4 |a energy  |2 eng 
650 4 |a modernization of engine  |2 eng 
650 4 |a waste  |2 eng 
650 4 |a alternative fuels  |2 eng 
650 4 |a senthesis gases  |2 eng 
700 1 |a Chríbik, Andrej  |u 020030  |k Z1  |4 ths  |U SjF Strojnícka fakulta  |T SjF Ústav dopravnej techniky a konštruovania  |X 26808  |U J0030  |Y 806  |7 A000026808 
856 4 |u http://is.stuba.sk/zp/portal_zp.pl?podrobnosti=171861 
996 |b 284J047509  |c J* 3631/DDP  |l JJSK  |s A  |a 24  |w stuzp94278_0001